West Ham United Squad 2017-2018 - Statistics

General Stats
  • This quiz has been taken 15 times
  • The average score is 21 of 30
Answer Stats
# Position Nation Player % Correct
13 GK Spain Adrián
100%
17 FW Mexico Chicharito Hernández
100%
- Coach Scotland David Moyes
100%
10 MF Argentina Manuel Lanzini
100%
2 DF New Zealand Winston Reid
100%
3 DF England Aaron Cresswell
91%
21 DF Italy Angelo Ogbonna
91%
26 DF DR Congo Arthur Masuaku
91%
8 MF Senegal Cheikhou Kouyaté
91%
7 FW Austria Marko Arnautović
91%
30 FW Jamaica Michail Antonio
91%
5 DF Argentina Pablo Zabaleta
91%
14 MF Equatorial Guinea Pedro Obiang
91%
9 FW England Andy Carroll
82%
41 DF England Declan Rice
82%
19 DF Wales James Collins
82%
16 MF England Mark Noble
82%
- Coach Croatia Slaven Bilić
82%
20 FW Ghana André Ayew
73%
15 FW Senegal Diafra Sakho
73%
4 DF Portugal José Fonte
73%
18 MF Portugal João Mário
64%
31 MF Switzerland Edimilson Fernandes
45%
25 GK England Joe Hart
45%
33 MF Ireland Josh Cullen
27%
27 DF France Patrice Evra
27%
22 DF England Sam Byram
27%
23 MF Montenegro Sead Hakšabanović
18%
12 FW England Jordan Hugill
9%
46 MF England Moses Makasi
0%
No matching quizzes found
Score Distribution
Percent of People with Each Score
Percentile by Number Answered
Your Score History
You have not taken this quiz